MDQL
is popping MORE tags! Check the
thread
!
Quizzes
Events
Quiz Creation
Community
Videos
Private Events
Remove Ads
Sign In
Join for FREE
Feedback
Dark Mode
Quiz Categories
Sports
Geography
Music
Movies
Television
Just For Fun
Miscellaneous
History
Literature
Language
Science
Gaming
Entertainment
Religion
Holiday
For Kids
Quiz Lab
Recent
Popular Today
Quiz Kudos Today
Editor Picks
Curator Picks
Quizzes by...
Day
Popularity
Type
Ratings
Length
Year
Community
Subscriptions
Recent Discussions
Orange Saloon
Badges
Playlists
Quests
Create
Leaderboards
Showdown
Live 5
Trivia Bingo
Activity
Puzzle Library
Sporcle Events
Private Events
Virtual Trivia
Globe League
Become a Host
Pub Owners
SporcleCon
Opinionation
Our Games
Videos
Blog
Mobile Apps
Partnerships
Remove Ads and Go Orange
Feedback
Entertainment
Celebrity
Famous
Musical
Broadway
Show
Quote
Comic Books
Anime
Superhero
DC Comics
Marvel
Cartoons
Animation
Entertainment
Celebrity
Famous
Musical
Broadway
Show
Quote
Comic Books
Anime
Superhero
DC Comics
Marvel
Cartoons
Animation
Random Quiz
Search Sporcle
×
Quiz Lab
Quiz Lab
Entertainment
Kpop
Type in answers that appear in a list
Type in answers that appear in a list
Classic
Best Score? Go Orange.
Name girl group members Stats
Can you name these girl group members?
By
Akimore
20m
300 Questions
831 Plays
831 Plays
831 Plays
Comments
Comments
Give Quiz Kudos
Give Quiz Kudos
-
- Ratings
hide this ad
Replay
Link that replays current quiz
Next Quiz
Link to next quiz in quiz playlist
You Got
0%
They Got
Avg Score
57%
Avg Friend Score
Upgrade to see
Score Distribution
Jump to the score distribution portion of the page
Score
0/300
Timer
20:00
0
Plays Today
Hint
Answer
% Correct
MISS A
Min
94.7%
LOVELYZ
Jisoo
94.4%
BLACKPINK
Jisoo
94.4%
BLACKPINK
Lisa
94%
BLACKPINK
Jennie
93.8%
BLACKPINK
Rose
93.5%
RED VELVET
Yeri
93%
RED VELVET
Irene
92.9%
RED VELVET
Joy
92.5%
RED VELVET
Wendy
92.3%
RED VELVET
Seulgi
92%
GUGUDAN
Mina
91.3%
AOA
Mina
91.3%
TWICE
Mina
91.3%
I.O.I
Mina
91.3%
TWICE
Momo
90.7%
TWICE
Sana
90.4%
2NE1
CL
90.1%
TWICE
Nayeon
89.2%
TWICE
Jihyo
89.2%
TWICE
Tzuyu
89.2%
TWICE
Dahyun
88.6%
2NE1
Bom
88.5%
f(x)
Amber
88.5%
4MINUTE
Hyuna
88%
SOLOIST
Hyuna
88%
SNSD
Taeyeon
87.8%
MAMAMOO
Solar
87.7%
FROMIS_
9
Chaeyoung
87.2%
MAMAMOO
Hwasa
87.2%
TWICE
Chaeyoung
87.2%
EXID
Hani
85.9%
15&
Jimin
85.4%
AOA
Jimin
85.4%
SNSD
Tiffany
85.4%
WONDER GIRLS
Sunmi
85.1%
SOLOIST
Sunmi
85.1%
f(x)
Krystal
85%
SNSD
Sunny
84.8%
MAMAMOO
Moonbyul
84.8%
GFRIEND
SinB
84.6%
2NE1
Dara
84.5%
2NE1
Minzy
83.7%
MOMOLAND
Nancy
83.7%
f(x)
Victoria
83.3%
f(x)
Luna
83.2%
EXID
LE
83.1%
TWICE
Jeongyeon
82.6%
MISS A
Suzy
82.5%
MAMAMOO
Wheein
82.1%
SNSD
Yoona
81.9%
GFRIEND
Eunha
81.9%
GFRIEND
Umji
81.7%
15&
Yerin
81%
SNSD
Yuri
81%
GFRIEND
Yerin
81%
GFRIEND
Sowon
80.4%
GFRIEND
Yuju
79.9%
I.O.I
Somi
79.8%
SNSD
Hyoyeon
79.7%
SISTAR
Hyorin
79.3%
LABOUM
Soyeon
78.2%
(G)I-
DLE
Soyeon
78.2%
SNSD
Sooyoung
78.1%
MOMOLAND
JooE
78.1%
CLC
Sorn
77.8%
SNSD
Seohyun
77.8%
APRIL
Naeun
76.8%
APINK
Naeun
76.8%
EXID
Solji
76.8%
GIRL'S DAY
Hyeri
76.2%
BRAVE GIRLS
Eunji
75.9%
APINK
Eunji
75.9%
SISTAR
Bora
75.9%
I.O.I
Chungha
75.7%
SOLOIST
Chungha
75.7%
APINK
Bomi
75.6%
LOVELYZ
Jin
75.3%
AOA
Seolhyun
75.3%
MISS A
Fei
74.2%
GUGUDAN
Nayoung
73.8%
PRISTIN
Nayoung
73.8%
I.O.I
Nayoung
73.8%
WEKI MEKI
Doyeon
72.9%
I.O.I
Doyeon
72.9%
APINK
Chorong
72.2%
GUGUDAN
Sejeong
72.1%
I.O.I
Sejeong
72.1%
(G)I-
DLE
Yuqi
71.9%
EXID
Jeonghwa
71.8%
PRISTIN
Kyulkyung
71.5%
I.O.I
Kyulkyung
71.5%
(G)I-
DLE
Minnie
71.3%
EXID
Hyerin
70%
MISS A
Jia
69.3%
SISTAR
Soyou
69%
GIRL'S DAY
Minah
68.2%
FROMIS_
9
Hayoung
68%
APINK
Hayoung
68%
PLAYBACK
Hayoung
68%
Hint
Answer
% Correct
WEKI MEKI
Yoojung
67.8%
DIA
Chaeyeon
67.8%
I.O.I
Chaeyeon
67.8%
I.O.I
Yoojung
67.8%
APINK
Namjoo
67.7%
CLC
Elkie
67.7%
CLC
Yeeun
67.2%
WONDER GIRLS
Yeeun
67.2%
SISTAR
Dasom
67.1%
CLC
Seungyeon
65.7%
(G)I-
DLE
Shuhua
65.5%
BRAVE GIRLS
Yuna
65.4%
AOA
Yuna
65.4%
WJSN
Cheng Xiao
65.1%
MOMOLAND
Daisy
64.8%
(G)I-
DLE
Miyeon
64.1%
GIRL'S DAY
Yura
64%
OH MY GIRL
YooA
63.8%
AFTER SCHOOL
Nana
63.7%
LOVELYZ
Kei
63.2%
OH MY GIRL
Seunghee
63.2%
CLC
Seunghee
63.2%
BOLBBALGAN4
Jiyoon
63.1%
4MINUTE
Jiyoon
63.1%
CLC
Eunbin
62.9%
AOA
Chanmi
62.8%
9MUSES
Sojin
62.4%
GIRL'S DAY
Sojin
62.4%
GUGUDAN
Mimi
62.3%
OH MY GIRL
Mimi
62.3%
SOLOIST
IU
62.2%
LOVELYZ
Baby Soul
62%
PRISTIN
Kyla
62%
KARA
Hara
61.9%
(G)I-
DLE
Soojin
60.7%
LOONA
Kim Lip
60.6%
I.O.I
Sohye
60.6%
WJSN
Yeonjung
59.6%
I.O.I
Yeonjung
59.6%
WJSN
Exy
59.5%
OH MY GIRL
Arin
59.4%
T-
ARA
Jiyeon
58.5%
BROWN EYED GIRLS
Gain
57.8%
LOONA
Chuu
57.7%
WONDER GIRLS
Yubin
57.7%
CRAYON POP
Choa
57.7%
4MINUTE
Gayoon
57.2%
OH MY GIRL
Binnie
56.8%
PRISTIN
Roa
56.8%
AOA
Hyejeong
56.2%
LOONA
Jinsoul
56.2%
4MINUTE
Jihyun
56.2%
WJSN
Luda
55.7%
MOMOLAND
Jane
55.7%
KARA
Gyuri
55.6%
FROMIS_
9
Gyuri
55.6%
PLAYBACK
Yujin
55.6%
CLC
Yujin
55.6%
LOONA
Olivia Hye
55.6%
MOMOLAND
Yeonwoo
55.6%
LOONA
Vivi
55.4%
LOONA
Yves
55.4%
PRISTIN
Rena
55.4%
WJSN
Mei Qi
55.1%
DREAMCATCHER
SuA
55.1%
WJSN
Bona
55%
WEKI MEKI
Lucy
55%
PRISTIN
Eunwoo
54.5%
PRISTIN
Xiyeon
54.1%
LOVELYZ
Mijoo
53.8%
WJSN
Seola
53.6%
LOONA
Choerry
53.4%
MOMOLAND
Ahin
53.4%
T-
ARA
Qri
53.1%
4MINUTE
Sohyun
52.8%
LOONA
Heejin
52.6%
BERRY GOOD
Taeha
52.5%
MOMOLAND
Taeha
52.5%
9MUSES
Kyungri
52.2%
GUGUDAN
Hana
52.1%
WJSN
Dayoung
52.1%
DREAMCATCHER
JiU
51.9%
OH MY GIRL
Jiho
51.5%
DREAMCATCHER
Dami
50.4%
LOONA
Hyunjin
50.4%
WJSN
Dawon
50.3%
AFTER SCHOOL
Raina
50.3%
OH MY GIRL
Hyojung
50.2%
BROWN EYED GIRLS
JeA
50.2%
FIESTAR
Yezi
50.1%
LOONA
Gowon
49.9%
WJSN
Xuan Yi
49.8%
SOLOIST
Ailee
49.5%
WEKI MEKI
Lua
49.2%
MOMOLAND
Hyebin
49%
BROWN EYED GIRLS
Narsha
48.7%
LOVELYZ
Yein
48.4%
PRISTIN
Yehana
48.2%
FIESTAR
Cao Lu
48.1%
DREAMCATCHER
Siyeon
47.9%
Hint
Answer
% Correct
LOONA
Haseul
47.4%
WONDER GIRLS
Hyelim
47.4%
WJSN
Soobin
47.3%
BROWN EYED GIRLS
Miryo
47.3%
WJSN
Yeoreum
46.9%
BESTIE
Hyeyeon
46.7%
GUGUDAN
Hyeyeon
46.7%
WEKI MEKI
Sei
46.6%
GUGUDAN
Sally
46.4%
LOVELYZ
Jiae
45.9%
WJSN
Eunseo
45.7%
WEKI MEKI
Rina
45.5%
PRISTIN
Yuha
45.3%
LOONA
Yeojin
45.2%
T-
ARA
Hyomin
45%
SOLOIST
Boa
44.5%
PRISTIN
Sungyeon
44.1%
LOVELYZ
Sujeong
43.8%
DREAMCATCHER
Gahyeon
43.3%
WEKI MEKI
Elly
42.7%
MOMOLAND
Nayun
42.3%
AFTER SCHOOL
Kaeun
42.3%
FROMIS_
9
Jiwon
42.2%
UNI.T
Jiwon
42.2%
DREAMCATCHER
Handong
42.1%
APRIL
Rachel
42%
WEKI MEKI
Suyeon
41.8%
KARA
Seungyeon
41.7%
KARA
Youngji
41.5%
T-
ARA
Eunjung
41.5%
DIA
Yebin
41.2%
UNI.T
Yebin
41.2%
APRIL
Jinsol
40.9%
BOLBBALGAN4
Jiyoung
40.3%
DREAMCATCHER
Yoohyeon
39.8%
FIESTAR
Hyemi
38.9%
9MUSES
Hyemi
38.9%
FIESTAR
Jei
38.7%
SONAMOO
D.ana
37.8%
APRIL
Chaekyung
37.4%
LABOUM
Solbin
37.1%
DALSHABET
Serri
36.4%
APRIL
Yena
36.3%
APRIL
Chaewon
36%
DIA
Jenny
35.6%
FROMIS_
9
Saerom
35.3%
DIA
Somyi
35.3%
AFTER SCHOOL
E-Young
35.3%
CRAYON POP
Way
35.3%
DALSHABET
Woohee
35.1%
LABOUM
ZN
35.1%
UNI.T
Woohee
35.1%
UNI.T
ZN
35.1%
FIESTAR
Linzy
34.9%
DALSHABET
Subin
34.8%
UNI.T
Euijin
34.6%
SONAMOO
Euijin
34.6%
GUGUDAN
Soyee
34.3%
GUGUDAN
Haebin
34.2%
DAVICHI
Minkyung
34.1%
DIA
Eunice
34%
DIA
Huihyeon
32.5%
PLAYBACK
Eunjin
31.8%
DIA
Eunjin
31.8%
DAVICHI
Haeri
31.3%
SOLOIST
Heize
31%
FROMIS_
9
Jisun
30.7%
9MUSES
Keumjo
30.6%
DIA
Eunchae
30.6%
FROMIS_
9
Nagyung
29.5%
SONAMOO
Newsun
29.5%
FROMIS_
9
Seoyeon
29.4%
SONAMOO
High.D
29.4%
CRAYON POP
Ellin
29.4%
CRAYON POP
Gummi
29.3%
FROMIS_
9
Jiheon
29.1%
SOLOIST
Lee Hi
28.3%
BRAVE GIRLS
Yujeong
28.2%
LABOUM
Yujeong
28.2%
9MUSES
Sungah
28.1%
UNI.T
NC.A
27.8%
DALSHABET
Ayoung
24.4%
UNI.T
Suji
24.1%
SONAMOO
Nahyun
23.6%
UNI.T
Hyunjoo
23.2%
SONAMOO
Sumin
23.2%
BERRY GOOD
Daye
23%
LABOUM
Haein
21.8%
BRAVE GIRLS
Minyoung
21.6%
DIA
Jooeun
21%
SONAMOO
Minjae
20.7%
BERRY GOOD
Gowoon
20%
PLAYBACK
Woolim
19.2%
UNI.T
Yoonjo
19%
BERRY GOOD
Johyun
16.8%
BERRY GOOD
Seoyul
16.7%
BRAVE GIRLS
Hayun
14.5%
BERRY GOOD
Sehyung
14%
PLAYBACK
Yunji
13.1%
BESTIE
Haeryoung
9.6%
Quiz Playlist
Details
Report
Send in Message
Add To Playlist
Classic:
Type in answers that appear in a list
Last Updated: Jun 21, 2018
Quiz Scoreboard
CHALLENGE
Sign Up to Join the Scoreboard
Show All
Scores
Hide
Comments
May contain spoilers
Recently Published
Colored Red Africa Blitz
by spor1
Geography
30s
Find the 'City' Movie
by crazypaving
Movies
60s
5x2 Blitz: Bands
by SL_Kpop136
Music
30s
More to Explore
Quiz From the Vault
Featured Blog Post
14 Easter Pick-up Lines to Find Eggs With
hide this ad
You Might Also Like...
Tags
Kpop Quiz
Kpop Group
Kpop Idol
Kpop Quiz
Today's Top Quizzes in Entertainment
Browse Entertainment
hide this ad
Today's Top Quizzes in Kpop
Browse Kpop
Top Contributed Quizzes in Entertainment
1
7-to-1: DC Comics Villains
2
Marvel Characters Bunker
3
The Beatles on The Simpsons
4
Dragon Ball Z: Goku's Fights in Order
5
Eurovision 2023 Logic Puzzle
6
Sorting Pictures: Villains
7
Criteria Quickie: Cartoon Taxonomy II
8
7-to-1: One Piece
9
Mini Trivia Sudoku: Musicals
10
Fictional Villains Letter U Blitz
Explore More
Trending Topics
Disney
Marvel
Harry Potter
Anime
Crossword
NBA
Kpop
Puzzle
WWE
Pokémon
Song
Country
NFL
The Office
Soccer
hide this ad
More By:
Akimore
Quiz
Plays
Rating
Category
Featured
Created
Kpop Leaders
24,638
4.51
Entertainment
Jul 16, 2018
SEVENTEEN Members by Voice
16,519
5.00
Music
Jul 4, 2020
Kpop Lightsticks
6,627
4.67
Entertainment
Jan 25, 2020
Kpop Songs by Chorus
5,216
4.50
Music
Jan 17, 2019
Stray Kids Acrostic
4,805
4.93
Entertainment
Nov 29, 2019
Go to Creator's Profile
Score Distribution
Quiz Creator Spotlight
Akimore
Follow
Send a Message
Quizzes Created
-
Created Quiz Play Count
-
More By This Creator
Popular Quizzes Today
1
5x2 Blitz: Bands
2
Find the 'City' Movie
3
Find the US States - No Outlines Minefield
4
Colored Red Africa Blitz
5
The Countries of the World
6
Find the US States
7
9x9 Crossword: Cartoon Network
8
Risky Map Clicking: Biggest States A-Z
More Entertainment Quizzes
Missing Word in Movies: Animation
Curator's Pick
Trending Quizzes
Colored Red Africa Blitz II
Colored Red Europe Blitz I
Find the 'Dark' Movie
Find the 'Day' Movie
Find the 'Good' Movie
Recently Updated
Champions League XIs: Real Madrid
pecheneg
Largest US Cities 1790-2010
pecheneg
Rides in Walt Disney World
pecheneg
Most Oscar Losses (Acting)
pecheneg
Beyoncé Albums
pecheneg
Leaping Animals
pecheneg
Reality TV Shows (A-Z)
bhenderson79
Rickey Henderson's Hall of Fame Teammates
pecheneg
Champions League XIs: Arsenal
pecheneg
Quick Pick: Celebrities in WWE's Hall of Fame
aduchscher
Trending Topics
NBA
Anime
Harry Potter
Crossword
Marvel
Kpop
Disney
The Office
Pokémon
Puzzle
Country
Song
WWE
Soccer
NFL
Your Account Isn't Verified!
In order to create a playlist on Sporcle, you need to verify the email address you used during registration. Go to your
Sporcle Settings
to finish the process.
Report this User
Report this user for behavior that violates our
Community Guidelines
.
Details:
Send Report
Go to the Sporcle.com Mobile Site →
Comments